<?xml version="1.0" encoding="UTF-8"?>
<marc:record xmlns:marc="http://www.loc.gov/MARC21/slim">
   <marc:leader>00000nam a2200000 a 4500</marc:leader>
   <marc:datafield ind1="1" ind2=" " tag="100">
      <marc:subfield code="a">Ruppert, Doris</marc:subfield>
      <marc:subfield code="4">aut</marc:subfield>
      <marc:subfield code="e">Verfasser/-in</marc:subfield>
   </marc:datafield>
   <marc:datafield ind1=" " ind2=" " tag="653">
      <marc:subfield code="a">Basteln</marc:subfield>
   </marc:datafield>
   <marc:datafield ind1=" " ind2=" " tag="653">
      <marc:subfield code="a">Beschäftigung</marc:subfield>
   </marc:datafield>
   <marc:datafield ind1=" " ind2=" " tag="653">
      <marc:subfield code="a">Kinder</marc:subfield>
   </marc:datafield>
   <marc:datafield ind1="0" ind2="0" tag="245">
      <marc:subfield code="a">Aus alten Sachen Neues machen</marc:subfield>
   </marc:datafield>
   <marc:datafield ind1="0" ind2="0" tag="245">
      <marc:subfield code="b">Bastelideen für Kinder ab 5 Jahren</marc:subfield>
   </marc:datafield>
   <marc:datafield ind1=" " ind2="1" tag="264">
      <marc:subfield code="b">Falken</marc:subfield>
      <marc:subfield code="c">1996</marc:subfield>
   </marc:datafield>
   <marc:datafield ind1="1" ind2=" " tag="520">
      <marc:subfield code="a">Die vorliegenden Bastelideen möchten Kinder von ca. 5-10 Jahren direkt ansprechen. Dabei benötigen die jüngeren natürlich auf jeden Fall Vermittlung und auch die älteren Hilfe bei einigen Arbeiten mit Werkzeug. Insgesamt jedoch sind die Anleitungen zu den diversen Objekten zum Spielen, Verschenken, für Feste und Feiern, zur Dekoration des eigenen Zimmers oder zum Knuddeln übersichtlich und genau, unterstützt von zahlreichen Skizzen, Fotos und Pausvorlagen (lose Beilage). Neben einigen Varianten bekannter Grundideen, wie Schnurtelefon, Fingerpuppen, Musikinstrumente etc., gibt's durchaus auch Novitäten. Es wird weitgehend mit häuslichem Abfall- und Restematerial gearbeitet und dazu eingangs Tips zum gezielten Sammeln und dann zu jeder Bastelarbeit eine genaue Materialliste gegeben.  *ekz*

Daraus mach ich was zum Spielen; für Feste und Feiern; zum Verschenken; zum Kuscheln und Liebhaben</marc:subfield>
   </marc:datafield>
   <marc:datafield ind1="3" ind2=" " tag="024">
      <marc:subfield code="a">9783806848755</marc:subfield>
   </marc:datafield>
</marc:record>
